01391 a2200169 4500003000400000005001700004008004100021020001800062100002000080245003100100260003500131300001100166520087000177942001201047999001901059952014301078OSt20251128163302.0251128b |||||||| |||| 00| 0 eng d a9789370039797 aBond R.9215544 aEchoes of Eerie Encounters bRupa Publicationc2025aMumbai a312pp. a‘Something rose out of the bottom of the pool. It looked like a giant snail, but its head was part human, its body and limbs part squid or octopus. An enormous succubus. It stood taller than the man in the pool. A creature soft and slimy, a survivor from our primaeval past.’ Take a plunge into Echoes of Eerie Encounters, a collection of Ruskin Bond’s most haunting stories; some bone-chilling and others rib-tickling. Is it ghosts you seek? There are phantom encounters waiting to happen—in abandoned houses, lonesome hill roads, forgotten bars and even the shadows of crowds. Or do you crave the company of murderers and scoundrels? They are here too, holding court with poisons and knives, biding their time. The darkness beckons, with all the strange things and people that find comfort in it. Journey on… Who knows what you might find…  cBK2ddc c369175d369175 00102ddc40708BCA Punea001b001d2025-11-27e8g296.25l4pKBJP-BK-2846r2026-04-01 08:16:18s2026-03-31v395.00w2025-11-27yBKz2846